Online Catalogue and eLibrary

Samaja gatum saha gatum nirakaranaya (Record no. 2485)

MARC details
000 -LEADER
fixed length control field 00446nam a2200157Ia 4500
005 - DATE AND TIME OF LATEST TRANSACTION
control field 20250623022933.0
008 - FIXED-LENGTH DATA ELEMENTS--GENERAL INFORMATION
fixed length control field 240331s9999 xx 000 0 und d
020 ## - INTERNATIONAL STANDARD BOOK NUMBER
ISBN 9559056107
082 ## - DDC Classification
Item Number - Author Mark SAM
Class No. 323
100 ## - MAIN ENTRY--PERSONAL NAME
Personal name manawa ayithiwasikam
245 #0 - TITLE STATEMENT
Title Samaja gatum saha gatum nirakaranaya
260 ## - PUBLICATION, DISTRIBUTION, ETC.
Place of publication, distribution, etc. Colombo
Name of publisher, distributor, etc. Human Rights Education Centre
Date of publication, distribution, etc. 1997
300 ## - PHYSICAL DESCRIPTION
Extent (e.g. Volumes, Pages etc.) 90 p .,
500 ## - GENERAL NOTE
General note A Book on social conflict and Conflict Resolution
942 ## - Koha item type (Biblio)
Koha item type Books in Stacks (Lending)
Holdings
Lost status Damaged status Collection code Home library Current library Shelving location Date acquired Full call number Accession Number Item type
    Lending WERC Library WERC Library Social Science Cupboard 03/31/2024 323.4 SAM 5675 Books in Stacks (Lending)

© WERC Library